000 01636cam a2200169 4500500
005 20260111091046.0
041 _afre
042 _adc
100 1 0 _aTihon, Paul
_eauthor
245 0 0 _aL’Église, les religions et la culture moderne
260 _c2004.
500 _a54
520 _aDans une étude récente, le théologien de Strasbourg Philippe Vallin met vigoureusement en relief l’originalité de l’Église du Christ par rapport aux religions et son aptitude à conduire « à la désaliénation réciproque et à l’accomplissement conjoint du fait religieux et du fait culturel ». Son « hypothèse » est ici présentée dans sa cohérence, ses points forts sont soulignés, mais aussi ses limites. Du même coup se trouvent indiqués les défis auxquels sont affrontées les Églises chrétiennes face à la diversité des cultures et à la modernité.
520 _aIn a recent study, the Strasbourg theologian Philippe Vallin strongly underlines the originality of the Church of Christ in comparison with other religions, and its capacity to lead to “the reciprocal disalienation and joint accomplishment of the religious and the cultural”. His “hypothesis” is here presented in its full consistency, its strengths underlined, but its limits highlighted also, with the effect of indicating the challenges facing the Christian churches in the context of modernity and cultural diversity.
786 0 _nNouvelle revue théologique | 126 | 3 | 2004-09-01 | p. 435-445 | 0029-4845
856 4 1 _uhttps://shs.cairn.info/revue-nouvelle-revue-theologique-2004-3-page-435?lang=fr&redirect-ssocas=7080
999 _c1620224
_d1620224